| 000 | 01208cam a2200133 4500500 | ||
|---|---|---|---|
| 005 | 20260329023740.0 | ||
| 041 | _afre | ||
| 042 | _adc | ||
| 100 | 1 | 0 |
_aRax, Jean-Marcel _eauthor |
| 245 | 0 | 0 | _aPhysique des plasmas : Cours et applications |
| 260 |
_bDunod,
_c2005. |
||
| 520 | _aLa matière portée à haute température subit une série de transformations, vaporisation, puis dissociation et finalement ionisation, conduisant à la création de populations d'ions et d'électrons libres. On appelle plasma un tel état ionisé de la matière. Le premier chapitre décrit les différents domaines d'application de la physique des plasmas : astrophysique, procédés industriels, propulsion spatiale et fusion thermonucléaire. Le deuxième rappelle les bases de physique classique nécessaires à la compréhension du cours. La suite de l'ouvrage apporte une présentation originale et moderne de la physique des plasmas en donnant un poids égal à la construction de modèles et à la résolution des problèmes ainsi posés. De nombreux exemples et applications illustrent le cours. | ||
| 856 | 4 | 1 | _uhttps://stm.cairn.info/physique-des-plasmas--9782100072507?lang=fr&redirect-ssocas=7080 |
| 999 |
_c1929266 _d1929266 |
||